00689nam a2200193 i 450000100060000000300090000600500170001500700030003200800410003508000270007608000250010310000350012824501130016326000530027630000350032960000350036465100740039985200220047391185ES-MaACL20230906180648.0t|050127s1945 ag a ||||1|bspa d a929 Lerroux, Alejandro a946"1931/39"(093.32)1 aLerroux, Alejandro,d1864-194913aLa pequeña historia b: apuntes para la historia grande / cvividos y redactados por el autor, A. Lerroux. aBuenos Aires : bCimera, c[1945] (fImp.Balmes) aXVI, 618 p. : bil. ; c20 cm.14aLerroux, Alejandro,d1864-1949 4aEspaña-xHistoria-y1931-1939, II República-vRelatos personales. aES-MaACLjB-10566